[Event "Toronto Reserves"]
[Site "Toronto CAN"]
[Date "2017.04.24"]
[Round "2"]
[White "Siddeley, Hugh"]
[Black "Wiebe, Daniel"]
[Result "1/2-1/2"]
[WhiteElo "2117"]
[BlackElo "2072"]
[WhiteFideId "-1"]
[WhiteFideId "-1"]
[PlyCount "71"]
[GameId "2160767908412150"]
[EventDate "2017.04.10"]
[EventType "tourn"]
[EventRounds "7"]
[EventCountry "CAN"]

1. e4 c5 2. Ne2 d6 3. d4 cxd4 4. Nxd4 Nf6 5. Nc3 a6 6. a3 e5 7. Nf5 Bxf5 8. exf5 d5 9. Bg5 d4 10. Bxf6 Qxf6 11. Nd5 Qc6 12. Qf3 Nd7 13. Bd3 Nc5 14. Bc4 O-O-O 15. f6 gxf6 16. O-O Kb8 17. Qxf6 Qxf6 18. Nxf6 Rd6 19. Nh5 f5 20. Ng3 Rf6 21. Rfe1 Bd6 22. Rad1 Na4 23. Bb3 Nc5 24. Ba2 Rhf8 25. f4 exf4 26. Nh5 Rg6 27. Bd5 Rg5 28. Bf3 Ne4 29. Kf1 Be5 30. h4 Rxh5 31. Bxh5 Bf6 32. Bf3 Bxh4 33. Rxe4 fxe4 34. Bxe4 Bf6 35. Bxh7 Re8 36. Re1 1/2-1/2

[Event "Toronto Reserves"]
[Site "Toronto CAN"]
[Date "2017.04.24"]
[Round "2"]
[White "Stefanovic, Miroslav"]
[Black "Malakhovets, Sergey"]
[Result "1/2-1/2"]
[WhiteElo "2117"]
[BlackElo "2115"]
[WhiteFideId "-1"]
[WhiteFideId "-1"]
[PlyCount "95"]
[GameId "2160767908412151"]
[EventDate "2017.04.10"]
[EventType "tourn"]
[EventRounds "7"]
[EventCountry "CAN"]

1. d4 d5 2. c4 c6 3. Nf3 Nf6 4. Nc3 a6 5. c5 Nbd7 6. Bf4 Nh5 7. Bd2 Nhf6 8. Bf4 Nh5 9. Bg5 h6 10. Bd2 Nhf6 11. Bf4 Nh5 12. Be5 Nxe5 13. Nxe5 Nf6 14. e3 Bf5 15. Bd3 g6 16. O-O Bg7 17. Qc2 Qc8 18. b4 Ng4 19. Nxg4 Bxd3 20. Qxd3 Qxg4 21. f4 Qf5 22. Qe2 O-O 23. a4 Qd7 24. g4 g5 25. fxg5 hxg5 26. Qf3 Bf6 27. Qf5 Qxf5 28. Rxf5 Kg7 29. Raf1 Rh8 30. Kg2 Rh6 31. Ne2 Rah8 32. Rh1 e6 33. Rf3 Be7 34. h3 Rf6 35. Rxf6 Bxf6 36. b5 axb5 37. axb5 Ra8 38. Rb1 Bd8 39. b6 Bf6 40. Rb4 Ra2 41. Kf3 Ra3 42. Rb2 Kg6 43. Nc1 Bxd4 44. Rb3 Bxc5 45. Rxa3 Bxa3 46. Nb3 Bb4 47. e4 c5 48. Ke3 1/2-1/2

[Event "Toronto op U2200"]
[Site "Toronto CAN"]
[Date "2017.09.02"]
[Round "1"]
[White "Shah, Omar"]
[Black "Ishow, Younan"]
[Result "1/2-1/2"]
[WhiteElo "1894"]
[BlackElo "2079"]
[WhiteFideId "-1"]
[WhiteFideId "-1"]
[PlyCount "98"]
[GameId "2160767908347127"]
[EventDate "2017.09.02"]
[EventType "swiss"]
[EventRounds "6"]
[EventCountry "CAN"]
[SourceTitle "hb 2019"]

1. c4 c6 2. Nc3 g6 3. Nf3 Bg7 4. e4 d6 5. d4 Bg4 6. Be2 Bxf3 7. Bxf3 Qb6 8. O-O Qxd4 9. Qb3 Qb6 10. Qc2 Nd7 11. Be3 Qa5 12. a3 Bxc3 13. bxc3 Ngf6 14. Rfb1 Rb8 15. Rb4 Nc5 16. e5 Nfd7 17. exd6 exd6 18. Bh6 Ne6 19. Qd2 Qe5 20. Re1 Qf6 21. Bf4 Ne5 22. Bxe5 dxe5 23. Bxc6+ Kf8 24. Qh6+ Ke7 25. Bxb7 Nf4 26. Rb5 Nd3 27. Re2 a6 28. Rb1 Nc5 29. Qe3 Nxb7 30. Reb2 Rhd8 31. Rxb7+ Rxb7 32. Rxb7+ Kf8 33. h3 Kg7 34. Rb6 Qe7 35. Rxa6 e4 36. Ra7 Qe5 37. g3 Qe6 38. Kg2 Rd3 39. Qc5 Rxc3 40. Ra8 Rf3 41. Qf8+ Kf6 42. Qh8+ Kg5 43. Qxh7 Rxf2+ 44. Kxf2 Qb6+ 45. Ke2 Qb2+ 46. Ke3 Qc3+ 47. Kxe4 Qxc4+ 48. Ke3 Qc3+ 49. Kf2 Qd2+ 1/2-1/2

[Event "Toronto op U2200"]
[Site "Toronto CAN"]
[Date "2017.09.02"]
[Round "2"]
[White "Pramanik, Projjwal"]
[Black "Shah, Omar"]
[Result "1-0"]
[WhiteElo "2098"]
[BlackElo "1894"]
[WhiteFideId "-1"]
[WhiteFideId "-1"]
[PlyCount "97"]
[GameId "2160767908347128"]
[EventDate "2017.09.02"]
[EventType "swiss"]
[EventRounds "6"]
[EventCountry "CAN"]
[SourceTitle "hb 2019"]

1. f4 Nf6 2. Nf3 d5 3. e3 Bg4 4. Be2 Nc6 5. O-O e6 6. b3 Bd6 7. Bb2 Qe7 8. c4 O-O 9. h3 Bxf3 10. Bxf3 Rad8 11. d4 b6 12. a3 Na5 13. Qd3 c5 14. Nd2 cxd4 15. Bxd4 dxc4 16. bxc4 e5 17. fxe5 Bxe5 18. Bd1 Qc7 19. Bc2 g6 20. Rf2 Nd7 21. Qc3 Nc6 22. Nf3 Bxd4 23. exd4 Na5 24. Bd3 Rc8 25. Rc1 Qd8 26. Nd2 Nf6 27. Qb2 Nd7 28. Rcf1 Nc6 29. Ne4 Qc7 30. Nc3 Rce8 31. Nd5 Qd6 32. Bb1 Re6 33. Ba2 Re4 34. c5 bxc5 35. dxc5 Qe5 36. Qb7 Re1 37. Qxd7 Rxf1+ 38. Rxf1 Qd4+ 39. Kh1 Qxc5 40. Nf6+ Kg7 41. Ne8+ Kh8 42. Rxf7 Qc1+ 43. Kh2 Qh6 44. Rxf8+ Qxf8 45. Qxc6 Qf4+ 46. g3 Qd2+ 47. Qg2 Qd4 48. Nc7 Qc3 49. Ne6 1-0

[Event "Toronto op U2200"]
[Site "Toronto CAN"]
[Date "2017.09.03"]
[Round "4"]
[White "Shah, Omar"]
[Black "Calvelo, Jelvis"]
[Result "0-1"]
[WhiteElo "1894"]
[BlackElo "2160"]
[WhiteFideId "-1"]
[WhiteFideId "-1"]
[PlyCount "56"]
[GameId "2160767908347129"]
[EventDate "2017.09.02"]
[EventType "swiss"]
[EventRounds "6"]
[EventCountry "CAN"]
[SourceTitle "hb 2019"]

1. c4 f5 2. Nc3 Nf6 3. Qc2 d6 4. e4 Nc6 5. a3 Nd4 6. Qd3 Nb3 7. Rb1 Nc5 8. Qe2 fxe4 9. Qd1 Bf5 10. b4 Ncd7 11. d4 e5 12. d5 e3 13. Bxe3 Bxb1 14. Qxb1 Be7 15. h3 c6 16. Nf3 cxd5 17. cxd5 Rc8 18. Nb5 a6 19. Na7 Rc3 20. Ng5 Rxe3+ 21. fxe3 Qb6 22. Qc1 Qxa7 23. Ne6 Nxd5 24. Qc8+ Kf7 25. Ng5+ Bxg5 26. Qxd7+ Kg6 27. Qe6+ Nf6 28. Bd3+ Kh6 0-1

[Event "Toronto op U2200"]
[Site "Toronto CAN"]
[Date "2017.09.04"]
[Round "5"]
[White "Finlay, Ian"]
[Black "Shah, Omar"]
[Result "0-1"]
[WhiteElo "1937"]
[BlackElo "1894"]
[WhiteFideId "-1"]
[WhiteFideId "-1"]
[PlyCount "106"]
[GameId "2160767908347130"]
[EventDate "2017.09.02"]
[EventType "swiss"]
[EventRounds "6"]
[EventCountry "CAN"]
[SourceTitle "hb 2019"]

1. Nf3 c5 2. g3 b6 3. Bg2 Bb7 4. d3 d6 5. e4 Nd7 6. Qe2 Ngf6 7. O-O e6 8. Nbd2 a6 9. Re1 Be7 10. Nf1 Qc7 11. Ne3 b5 12. a4 O-O 13. a5 d5 14. e5 Ne8 15. h4 Rc8 16. h5 Bd8 17. Ng4 Nb8 18. Bf4 Qd7 19. Qd2 Nc6 20. Ng5 d4 21. Ne4 Nb4 22. Qe2 Kh8 23. Bd2 Nxc2 24. Rec1 Nxa1 25. Nxc5 Rxc5 26. Rxc5 Bxg2 27. Kxg2 Nb3 28. Rc2 Nxd2 29. Qxd2 f5 30. Qf4 Be7 31. Nh2 h6 32. Nf3 Nc7 33. Qxd4 Nd5 34. Nh4 Bxh4 35. Qxh4 f4 36. g4 Qb7 37. Kh2 Nb4 38. Rc3 Nd5 39. Rc1 Qb8 40. d4 Qa7 41. Rc5 Qd7 42. Qh3 f3 43. Qf1 Qd8 44. Kg3 Qg5 45. Qc1 Nf4 46. Qh1 Ne2+ 47. Kh3 Nf4+ 48. Kg3 Nd3 49. Rc2 Qf4+ 50. Kh3 Qxd4 51. Qg1 Nf4+ 52. Kh4 Qd8+ 53. g5 Ng2+ 0-1

[Event "Toronto op U2200"]
[Site "Toronto CAN"]
[Date "2017.09.04"]
[Round "6"]
[White "Baltzopoulos, Giorgos"]
[Black "Shah, Omar"]
[Result "1-0"]
[WhiteElo "2063"]
[BlackElo "1894"]
[WhiteFideId "-1"]
[WhiteFideId "-1"]
[PlyCount "55"]
[GameId "2160767908347131"]
[EventDate "2017.09.02"]
[EventType "swiss"]
[EventRounds "6"]
[EventCountry "CAN"]
[SourceTitle "hb 2019"]

1. e4 c5 2. Nf3 d6 3. d4 cxd4 4. Nxd4 Nf6 5. Nc3 a6 6. Bg5 e6 7. f4 Nbd7 8. Qf3 Qc7 9. O-O-O b5 10. e5 Bb7 11. Qh3 dxe5 12. Nxe6 fxe6 13. Qxe6+ Be7 14. Bxb5 O-O-O 15. Bxd7+ Rxd7 16. fxe5 Ne4 17. Bxe7 Nf2 18. Rxd7 Qxd7 19. Qc4+ Qc6 20. Qxc6+ Bxc6 21. Re1 Kd7 22. Bd6 Ng4 23. h3 Nh6 24. Ne4 Ra8 25. Nc5+ Kd8 26. Rf1 Ra7 27. Rf8+ Be8 28. e6 1-0

[Event "Tournoi du President"]
[Site "Chambly CAN"]
[Date "2017.09.13"]
[Round "1"]
[White "Kelly, Patrick"]
[Black "Bedard, Michel"]
[Result "1-0"]
[WhiteElo "1408"]
[BlackElo "1636"]
[WhiteFideId "-1"]
[WhiteFideId "-1"]
[PlyCount "71"]
[GameId "2191150455185828"]
[EventDate "2017.09.13"]
[EventType "swiss"]
[EventRounds "4"]
[EventCountry "CAN"]

1. d4 d5 2. Bf4 Nf6 3. e3 c5 4. c3 Qb6 5. Qb3 c4 6. Qc2 g6 7. Nd2 Bf5 8. Qc1 Bg7 9. Be2 O-O 10. h4 h6 11. Ngf3 Nbd7 12. Rg1 Qe6 13. Ne5 Ne4 14. g4 Nxe5 15. dxe5 g5 16. gxf5 Qxf5 17. Bg4 Qh7 18. Bh2 f5 19. exf6 Nxf6 20. Be6+ Kh8 21. hxg5 hxg5 22. Rg3 g4 23. Rg2 Qh4 24. Bg1 Bh6 25. Rh2 Qg5 26. Qd1 Kg7 27. Qe2 g3 28. Rg2 Nh5 29. f4 Nxf4 30. exf4 Rxf4 31. Be3 Raf8 32. O-O-O Qh4 33. Bxf4 Bxf4 34. Qg4+ Bg5 35. Rxg3 Qxg4 36. Rxg4 1-0

[Event "Tournoi du President"]
[Site "Chambly CAN"]
[Date "2017.09.20"]
[Round "2"]
[White "Lanthier, Steve"]
[Black "Kelly, Patrick"]
[Result "1-0"]
[WhiteElo "1730"]
[BlackElo "1408"]
[WhiteFideId "-1"]
[WhiteFideId "-1"]
[PlyCount "91"]
[GameId "2191150455189925"]
[EventDate "2017.09.13"]
[EventType "swiss"]
[EventRounds "4"]
[EventCountry "CAN"]

1. e4 d6 2. d4 Nf6 3. Nc3 Nbd7 4. Nf3 e5 5. dxe5 dxe5 6. Bc4 Be7 7. O-O c6 8. a3 b5 9. Bb3 Qc7 10. Qe2 h6 11. Rd1 g5 12. a4 b4 13. Qc4 O-O 14. Nb5 Qb8 15. Qxc6 Bb7 16. Qc7 Bxe4 17. Be3 Qxc7 18. Nxc7 Rac8 19. Nb5 a5 20. Rd2 Rfd8 21. Rad1 Bxf3 22. gxf3 Nf8 23. Nd6 Bxd6 24. Rxd6 Rxd6 25. Rxd6 Kg7 26. Bb6 Ra8 27. Rd8 Ra6 28. Bc7 e4 29. fxe4 Nxe4 30. Rd5 Ne6 31. Bxa5 Nf4 32. Bc4 Rc6 33. Rd4 Nd2 34. Rxd2 Rxc4 35. f3 b3 36. cxb3 Rc1+ 37. Kf2 Rh1 38. Ke3 Re1+ 39. Kd4 Ne6+ 40. Kd5 Rc1 41. Bc3+ Kg6 42. b4 Rf1 43. b5 Rxf3 44. b6 Nf4+ 45. Kc6 Ne6 46. b7 1-0

[Event "Tournoi du President"]
[Site "Chambly CAN"]
[Date "2017.09.27"]
[Round "3"]
[White "Pinsonneault, Marc"]
[Black "Kelly, Patrick"]
[Result "1-0"]
[WhiteElo "1666"]
[BlackElo "1408"]
[WhiteFideId "-1"]
[WhiteFideId "-1"]
[PlyCount "55"]
[GameId "2191150455189926"]
[EventDate "2017.09.13"]
[EventType "swiss"]
[EventRounds "4"]
[EventCountry "CAN"]

1. e4 d6 2. d4 Nf6 3. Nc3 Nbd7 4. f4 e5 5. Nf3 exd4 6. Qxd4 Be7 7. Be3 c6 8. O-O-O O-O 9. h3 Nh5 10. g4 Ng3 11. Rg1 Nxf1 12. Rgxf1 Qc7 13. g5 Qb6 14. Qd2 Qc7 15. f5 f6 16. g6 Ne5 17. Qg2 h6 18. Nxe5 dxe5 19. Rd3 b5 20. Qd2 b4 21. Ne2 Qa5 22. Kb1 Rd8 23. Rxd8+ Bxd8 24. Rd1 Ba6 25. Qd7 Qc7 26. Qe6+ Kf8 27. Bc5+ Be7 28. Qf7# 1-0

[Event "Tournoi du President"]
[Site "Chambly CAN"]
[Date "2017.09.27"]
[Round "3"]
[White "Despres, Alain"]
[Black "Dubreuil, Raymond"]
[Result "1/2-1/2"]
[WhiteElo "1501"]
[BlackElo "1580"]
[WhiteFideId "-1"]
[WhiteFideId "-1"]
[PlyCount "66"]
[GameId "2191150455189927"]
[EventDate "2017.09.13"]
[EventType "swiss"]
[EventRounds "4"]
[EventCountry "CAN"]

1. d4 Nf6 2. Nf3 g6 3. e3 d5 4. Bd3 c5 5. b3 Bg7 6. Bb2 O-O 7. Nbd2 Qc7 8. dxc5 Qxc5 9. O-O Nbd7 10. c4 Re8 11. Qc2 e5 12. e4 d4 13. a4 b6 14. Ba3 Qc6 15. b4 Bb7 16. b5 Qc7 17. Nb3 Rac8 18. Rfe1 Bf8 19. Bxf8 Kxf8 20. a5 Nc5 21. Nxc5 Qxc5 22. a6 Ba8 23. Nd2 Nd7 24. Nb3 Qe7 25. Qe2 Nc5 26. Nxc5 Rxc5 27. Qg4 Kg7 28. h4 h5 29. Qh3 Qe6 30. Qxe6 Rxe6 31. f3 Rf6 32. Ra2 Rf4 33. Rf2 Rf6 1/2-1/2

[Event "Tournoi du President"]
[Site "Chambly CAN"]
[Date "2017.10.04"]
[Round "4"]
[White "Kelly, Patrick"]
[Black "Despres, Alain"]
[Result "1/2-1/2"]
[WhiteElo "1408"]
[BlackElo "1501"]
[WhiteFideId "-1"]
[WhiteFideId "-1"]
[PlyCount "74"]
[GameId "2191150455194024"]
[EventDate "2017.09.13"]
[EventType "swiss"]
[EventRounds "4"]
[EventCountry "CAN"]

1. d4 e6 2. Bf4 d5 3. e3 c5 4. c3 Nc6 5. Nd2 Nf6 6. Ngf3 Bd6 7. Bg3 Bxg3 8. hxg3 cxd4 9. exd4 Qc7 10. Bd3 h6 11. Qe2 Bd7 12. Nb3 a6 13. Nc5 Rb8 14. Ng5 Qd6 15. f4 Ke7 16. Nf3 Bc8 17. Ne5 b5 18. g4 Nd7 19. Ncxd7 Bxd7 20. f5 Nxe5 21. dxe5 Qc5 22. f6+ gxf6 23. exf6+ Kd6 24. Rh5 Qg1+ 25. Qf1 Qxf1+ 26. Bxf1 Rbg8 27. Be2 Rg5 28. O-O-O e5 29. Rdh1 Rg6 30. g5 e4 31. Rxh6 Rgxh6 32. Rxh6 Rg8 33. Rh5 Rg6 34. Kd2 Ke5 35. Ke3 Rg8 36. g4 Rg6 37. a3 Be6 1/2-1/2

[Event "Transcontinental Printanier ABCDEF"]
[Site "Montreal CAN"]
[Date "2017.04.02"]
[Round "4"]
[White "Dubois, Lorraine"]
[Black "Lauzon, Francois"]
[Result "1-0"]
[WhiteElo "1194"]
[BlackElo "1272"]
[WhiteFideId "-1"]
[WhiteFideId "-1"]
[PlyCount "95"]
[GameId "2160767908477915"]
[EventDate "2017.03.31"]
[EventType "tourn"]
[EventRounds "5"]
[EventCountry "CAN"]
[SourceTitle "EXT 2022"]
[Source "ChessBase"]
[SourceDate "2021.10.06"]
[SourceVersion "1"]
[SourceVersionDate "2021.10.06"]
[SourceQuality "1"]

1. d4 Nf6 2. c4 e6 3. Nc3 Bb4 4. e3 O-O 5. Nge2 b6 6. a3 Be7 7. Ng3 Bb7 8. e4 d5 9. e5 Ne4 10. Ncxe4 dxe4 11. Be3 f5 12. exf6 Bxf6 13. Be2 c5 14. dxc5 Bxb2 15. Qxd8 Rxd8 16. Ra2 Bd4 17. cxb6 axb6 18. Bg5 Rf8 19. Be3 Bxe3 20. fxe3 Nd7 21. Rf1 Nc5 22. Rxf8+ Kxf8 23. Bd1 Ra4 24. Bxa4 Nxa4 25. Rd2 Ke7 26. Nh5 g6 27. Nf4 Kf6 28. Rd7 Ba6 29. Ra7 Nc5 30. Rxh7 Bxc4 31. Rh6 Nd3+ 32. Kd2 Nxf4 33. exf4 Kf5 34. Ke3 b5 35. Rh8 Bd5 36. h3 Kf6 37. Rb8 Bc6 38. Rb6 Bd5 39. Rxb5 g5 40. g3 Bc6 41. Rb1 Kf5 42. fxg5 Kxg5 43. Ra1 Kf5 44. a4 Bb7 45. a5 Ba6 46. h4 Kg4 47. Kxe4 Kh5 48. Ke5 1-0

[Event "Triple C"]
[Site "Chambly CAN"]
[Date "2017.11.01"]
[Round "1"]
[White "Kelly, Patrick"]
[Black "Tsanaclis, Albert"]
[Result "0-1"]
[WhiteElo "1479"]
[BlackElo "1678"]
[WhiteFideId "-1"]
[WhiteFideId "-1"]
[PlyCount "100"]
[GameId "2191150455194025"]
[EventDate "2017.11.01"]
[EventType "swiss"]
[EventRounds "4"]
[EventCountry "CAN"]

1. d4 d5 2. Bf4 Nf6 3. e3 c5 4. c3 e6 5. Bd3 Bd6 6. Bg3 O-O 7. Nf3 b6 8. Nbd2 Nc6 9. Ne5 Bb7 10. f4 cxd4 11. exd4 a6 12. Ndf3 Ne7 13. Bh4 Nf5 14. Bf2 Ne4 15. O-O Nxf2 16. Rxf2 f6 17. Bxf5 exf5 18. Nd3 Re8 19. Re2 Qc7 20. g3 Re4 21. Nd2 Re7 22. Rxe7 Qxe7 23. Qf3 Qf7 24. Re1 Re8 25. Re3 a5 26. Qe2 Bc6 27. Ne1 Bd7 28. Ng2 Ra8 29. Nh4 Kf8 30. Qd3 Qh5 31. Ndf3 Qg4 32. Kf2 b5 33. Qf1 g5 34. Ng2 Qh5 35. h4 g4 36. Nd2 Re8 37. Qe2 Qf7 38. Nb3 b4 39. Rxe8+ Bxe8 40. Nxa5 bxc3 41. bxc3 Qd7 42. Ne3 Qc7 43. Nxf5 Bxf4 44. Nb3 Bg6 45. Qe6 Bxf5 46. Qxf6+ Ke8 47. Qh8+ Kf7 48. gxf4 Qxf4+ 49. Kg1 Qg3+ 50. Kf1 Bd3# 0-1

[Event "Triple C"]
[Site "Chambly CAN"]
[Date "2017.11.08"]
[Round "2"]
[White "Pinsonneault, Marc"]
[Black "Arash, Abasi"]
[Result "0-1"]
[WhiteElo "1669"]
[BlackElo "1477"]
[WhiteFideId "-1"]
[WhiteFideId "-1"]
[PlyCount "46"]
[GameId "2191150455194026"]
[EventDate "2017.11.01"]
[EventType "swiss"]
[EventRounds "4"]
[EventCountry "CAN"]

1. e4 c6 2. Nc3 d5 3. Nf3 dxe4 4. Nxe4 Bf5 5. Ng3 Bg6 6. h4 h6 7. Ne5 Bh7 8. Qh5 g6 9. Qf3 f6 10. Bc4 fxe5 11. Bf7+ Kd7 12. Ne4 b6 13. Qg4+ Kc7 14. Rh3 Nf6 15. Qe6 Qd5 16. Nxf6 Qxe6 17. Ne8+ Kd8 18. Rd3+ Qd7 19. b3 Qxd3 20. cxd3 Nd7 21. Bb2 e6 22. d4 Ke7 23. Nc7 Rc8 0-1

[Event "Triple C"]
[Site "Chambly CAN"]
[Date "2017.11.08"]
[Round "2"]
[White "Despres, Alain"]
[Black "Bedard, Michel"]
[Result "0-1"]
[WhiteElo "1496"]
[BlackElo "1611"]
[WhiteFideId "-1"]
[WhiteFideId "-1"]
[PlyCount "124"]
[GameId "2191150455198123"]
[EventDate "2017.11.01"]
[EventType "swiss"]
[EventRounds "4"]
[EventCountry "CAN"]

1. d4 f5 2. c4 e6 3. e3 Nf6 4. Nc3 Bb4 5. Bd3 O-O 6. a3 Bxc3+ 7. bxc3 b6 8. Nf3 Bb7 9. O-O d6 10. Ng5 Qe8 11. f3 h6 12. Nh3 g5 13. Ra2 Nc6 14. Re2 Ne7 15. e4 Qd7 16. exf5 exf5 17. Rfe1 Rae8 18. Qc2 f4 19. Nf2 Kg7 20. Re6 c6 21. Bf5 Nxf5 22. Qxf5 Rxe6 23. Qxe6 Qxe6 24. Rxe6 Re8 25. Rxe8 Nxe8 26. Ne4 Ba6 27. Nd2 Kf7 28. a4 Ke6 29. Ba3 Nf6 30. Kf2 d5 31. c5 Kf5 32. cxb6 axb6 33. g4+ fxg3+ 34. hxg3 Bd3 35. Bd6 Ne8 36. Bf8 h5 37. Be7 Bc2 38. Bd8 Bxa4 39. Bxb6 g4 40. fxg4+ hxg4 41. Bc5 Nf6 42. Ke3 Bb5 43. Bd6 Nd7 44. Ba3 Nb6 45. Bb4 Bc4 46. Kf2 Ba2 47. Ba5 Nd7 48. Bb4 Nf6 49. Ba5 Bc4 50. Ke3 Nd7 51. Bb4 Nb6 52. Ba5 Na4 53. Bb4 Nb2 54. Nxc4 dxc4 55. Bd6 Nd1+ 56. Kd2 Nf2 57. Bf4 Ke4 58. Ke2 Nd3 59. Bd6 Nc1+ 60. Kf2 Kd3 61. Be5 Na2 62. d5 cxd5 0-1

[Event "Triple C"]
[Site "Chambly CAN"]
[Date "2017.11.08"]
[Round "2"]
[White "Pincince, Jacques"]
[Black "Kelly, Patrick"]
[Result "1/2-1/2"]
[WhiteElo "1502"]
[BlackElo "1479"]
[WhiteFideId "-1"]
[WhiteFideId "-1"]
[PlyCount "51"]
[GameId "2191150455198124"]
[EventDate "2017.11.01"]
[EventType "swiss"]
[EventRounds "4"]
[EventCountry "CAN"]

1. e4 d6 2. Bc4 Nf6 3. d3 Nbd7 4. Nf3 h6 5. O-O e5 6. c3 Be7 7. Qb3 O-O 8. Nh4 Nc5 9. Qc2 Be6 10. Bxe6 fxe6 11. b4 Ncd7 12. Qb3 d5 13. exd5 Nxd5 14. Nf3 Rxf3 15. c4 Nf4 16. gxf3 Ne2+ 17. Kg2 Qe8 18. Be3 Qg6+ 19. Kh1 Rf8 20. Nd2 Qh5 21. Kg2 Rf6 22. Rae1 Rg6+ 23. Kh1 Qh3 24. Rg1 Nxg1 25. Rxg1 Rxg1+ 26. Kxg1 1/2-1/2

[Event "Triple C"]
[Site "Chambly CAN"]
[Date "2017.11.15"]
[Round "3"]
[White "Kelly, Patrick"]
[Black "Weston, Paul"]
[Result "0-1"]
[WhiteElo "1479"]
[BlackElo "1833"]
[WhiteFideId "-1"]
[WhiteFideId "-1"]
[PlyCount "100"]
[GameId "2191150455198125"]
[EventDate "2017.11.01"]
[EventType "swiss"]
[EventRounds "4"]
[EventCountry "CAN"]

1. d4 d5 2. Bf4 Nf6 3. e3 e6 4. c3 Be7 5. Nf3 O-O 6. Nbd2 b6 7. Bd3 Bb7 8. Ne5 Nbd7 9. h4 Re8 10. Ndf3 Nxe5 11. dxe5 Ne4 12. Qe2 c5 13. O-O-O Qc7 14. Ng5 h6 15. Qh5 Bf8 16. Nh3 d4 17. Bxh6 dxc3 18. Bf4 cxb2+ 19. Kxb2 g6 20. Qg4 Bg7 21. Bh2 Bxe5+ 22. Kc2 Nf6 23. Qg5 Bxh2 24. Rxh2 Nh7 25. Qf4 Qxf4 26. exf4 Bc6 27. Kc3 b5 28. a3 a5 29. Ng5 Nf6 30. f3 c4 31. Be4 Bxe4 32. fxe4 Ng4 33. Rd7 Nxh2 34. Nxf7 Ng4 35. Ng5 Nf6 36. Rd1 Rad8 37. Rh1 Rd3+ 38. Kb2 Re3 39. e5 Ne4 40. Nf3 Rd8 41. h5 c3+ 42. Kc2 Re2+ 43. Kc1 Nd2 44. hxg6 Nxf3 45. gxf3 Rdd2 46. f5 Rc2+ 47. Kb1 Rb2+ 48. Ka1 Ra2+ 49. Kb1 Reb2+ 50. Kc1 Ra1# 0-1

[Event "Triple C"]
[Site "Chambly CAN"]
[Date "2017.11.22"]
[Round "4"]
[White "Jomphe, Denis"]
[Black "Kelly, Patrick"]
[Result "0-1"]
[WhiteElo "1403"]
[BlackElo "1479"]
[WhiteFideId "-1"]
[WhiteFideId "-1"]
[PlyCount "98"]
[GameId "2191150455202222"]
[EventDate "2017.11.01"]
[EventType "swiss"]
[EventRounds "4"]
[EventCountry "CAN"]

1. c4 d6 2. g3 Nf6 3. Bg2 e5 4. Nc3 c6 5. e4 Be7 6. Nge2 Nbd7 7. d3 h6 8. f4 Qb6 9. h3 exf4 10. Nxf4 g5 11. Nh5 Ne5 12. Nxf6+ Bxf6 13. Rf1 Bg7 14. Rf2 Qd4 15. Bf1 g4 16. h4 Rf8 17. Qe2 Nf3+ 18. Kd1 Qb6 19. Bg2 h5 20. Bf4 Be5 21. Bxe5 dxe5 22. Rb1 Be6 23. Kc1 O-O-O 24. Bxf3 gxf3 25. Qf1 Qe3+ 26. Rd2 Bxc4 27. Nd1 Qd4 28. Qxf3 Bxd3 29. Nc3 Qc4 30. Qf5+ Qe6 31. Ra1 Qxf5 32. exf5 Bxf5 33. Rf2 Bg4 34. Rf6 Rd3 35. Kc2 Rxg3 36. Re1 Rf3 37. Rxf3 Bxf3 38. Rxe5 f5 39. Kd3 Rd8+ 40. Ke3 Bg4 41. Ne2 Rd1 42. Ra5 a6 43. Ng3 Rd5 44. Rxd5 cxd5 45. Kd4 f4 46. Nf1 f3 47. Nd2 Kd7 48. Kxd5 f2 49. Ke4 Bh3 0-1

[Event "Trois-Riveres op"]
[Site "Trois-Rivieres CAN"]
[Date "2017.03.17"]
[Round "1.3"]
[White "Hirschberg, Valerian"]
[Black "Soudre, Nicolas"]
[Result "1/2-1/2"]
[WhiteElo "2353"]
[BlackElo "2182"]
[WhiteFideId "-1"]
[WhiteFideId "-1"]
[PlyCount "58"]
[GameId "2160767908478096"]
[EventDate "2017.03.17"]
[EventType "swiss"]
[EventRounds "5"]
[EventCountry "CAN"]
[SourceTitle "hb 2017"]

1. Nf3 d5 2. g3 Nf6 3. Bg2 Bg4 4. Ne5 Bf5 5. c4 c6 6. O-O e6 7. d4 Nbd7 8. Nc3 Be7 9. Bf4 O-O 10. Qb3 Qb6 11. Qxb6 axb6 12. Rfd1 Rfd8 13. h3 h6 14. g4 Bh7 15. e3 Ne4 16. Nxe4 dxe4 17. Nxd7 Rxd7 18. a3 Rad8 19. Rd2 Bf6 20. Rc2 c5 21. dxc5 bxc5 22. Re1 Rd3 23. Bc7 Rc8 24. Ba5 Rc6 25. Bf1 Ra6 26. Bc7 Rd7 27. Bg3 Rb6 28. Rb1 Rb3 29. Be2 Rd8 1/2-1/2

[Event "Trois-Riveres op"]
[Site "Trois-Rivieres CAN"]
[Date "2017.03.17"]
[Round "1.4"]
[White "Lessard, Claude"]
[Black "Kleinman, Michael"]
[Result "0-1"]
[WhiteElo "2162"]
[BlackElo "2297"]
[WhiteFideId "-1"]
[WhiteFideId "-1"]
[PlyCount "63"]
[GameId "2160767908478097"]
[EventDate "2017.03.17"]
[EventType "swiss"]
[EventRounds "5"]
[EventCountry "CAN"]
[SourceTitle "hb 2017"]

1. Nf3 c5 2. c4 Nf6 3. g3 g6 4. Bg2 Bg7 5. Nc3 Nc6 6. O-O O-O 7. d3 b6 8. Ne5 Bb7 9. Nxc6 Bxc6 10. e4 Ne8 11. Be3 Nc7 12. Qd2 Ne6 13. Bh6 Nd4 14. Bxg7 Kxg7 15. f4 f5 16. Ne2 Nxe2+ 17. Qxe2 e6 18. b4 cxb4 19. Qb2+ Qf6 20. e5 Qe7 21. d4 Bxg2 22. Kxg2 Rfc8 23. Rac1 Rc7 24. d5 Qc5 25. Rfd1 Rac8 26. dxe6 dxe6 27. Rd6 Qe3 28. Rxe6 Rxc4 29. Rxc4 Rxc4 30. Re7+ Kh6 31. Rxa7 Qe4+ 32. Kh3 0-1

[Event "Trois-Riveres op"]
[Site "Trois-Rivieres CAN"]
[Date "2017.03.17"]
[Round "1.7"]
[White "Poulin, Mathieu"]
[Black "Johnson-Constantin, Mathieu"]
[Result "1-0"]
[WhiteElo "2248"]
[BlackElo "2073"]
[WhiteFideId "-1"]
[WhiteFideId "-1"]
[PlyCount "61"]
[GameId "2160767908478100"]
[EventDate "2017.03.17"]
[EventType "swiss"]
[EventRounds "5"]
[EventCountry "CAN"]
[SourceTitle "hb 2017"]

1. d4 f5 2. Nf3 Nf6 3. g3 g6 4. Bg2 Bg7 5. c4 O-O 6. Nc3 d6 7. O-O Qe8 8. d5 Bd7 9. Re1 c6 10. e4 cxd5 11. exd5 Qd8 12. Nd4 Na6 13. Be3 Ng4 14. Bg5 Qb6 15. Nce2 Rfe8 16. h3 Ne5 17. b3 Nc5 18. Nc1 Ned3 19. Nxd3 Bxd4 20. Nxc5 dxc5 21. Rc1 e6 22. dxe6 Bxe6 23. Qf3 Qa6 24. Qxb7 Qxa2 25. Rxe6 Qxf2+ 26. Kh2 Rab8 27. Qd5 Rxe6 28. Qxe6+ Kg7 29. Re1 h6 30. Qe7+ Kg8 31. Bxh6 1-0

[Event "Trois-Riveres op"]
[Site "Trois-Rivieres CAN"]
[Date "2017.03.17"]
[Round "1.9"]
[White "Huang, Qiuyu"]
[Black "Tanaka, Tyler"]
[Result "1-0"]
[WhiteElo "2238"]
[BlackElo "2022"]
[WhiteFideId "-1"]
[WhiteFideId "-1"]
[PlyCount "63"]
[GameId "2160767908478102"]
[EventDate "2017.03.17"]
[EventType "swiss"]
[EventRounds "5"]
[EventCountry "CAN"]
[SourceTitle "EXT 2022"]
[Source "ChessBase"]
[SourceDate "2021.10.06"]
[SourceVersion "1"]
[SourceVersionDate "2021.10.06"]
[SourceQuality "1"]

1. e4 c5 2. Nf3 d6 3. d4 cxd4 4. Nxd4 Nf6 5. Nc3 g6 6. Be3 Bg7 7. f3 Nc6 8. Qd2 O-O 9. Bc4 Bd7 10. O-O-O Rb8 11. Bb3 Na5 12. h4 Nxb3+ 13. axb3 h5 14. g4 hxg4 15. h5 Nxh5 16. Rdg1 e5 17. Nf5 gxf5 18. fxg4 f4 19. gxh5 Kh7 20. h6 Bf6 21. Qg2 Bg5 22. Qxg5 Qxg5 23. Rxg5 fxe3 24. Nd5 f5 25. Rg7+ Kh8 26. Rxd7 f4 27. Rg1 e2 28. Kd2 f3 29. Rgg7 e1=Q+ 30. Kxe1 f2+ 31. Kf1 Rf3 32. Rh7+ 1-0